Japanese industrial relations

Guardado en:
Detalles Bibliográficos
Autor principal: Shirai, Taishiro
Formato: Libro
Lenguaje:inglés
Publicado: Tokyo <The> Japan Institute of Labour [2000]
Colección:Japanese Economy & Labor Series No. 5
Materias:
Etiquetas: Agregar Etiqueta
Sin Etiquetas, Sea el primero en etiquetar este registro!

MARC

LEADER 00000nam$a2200000$$$4500
001 0027246
005 20221129101021.9
020 |a 4-538-76005-6 
041 0 |a eng 
044 |a JP 
245 1 0 |a Japanese industrial relations  |c Taishiro Shirai 
264 1 |a Tokyo  |b <The> Japan Institute of Labour  |c [2000] 
300 |a 160 s. 
490 1 |a Japanese Economy & Labor Series  |v No. 5 
830 0 |a Japanese Economy & Labor Series  |v No. 5 
610 2 0 |a práca 
610 2 0 |a organizácia práce 
610 2 0 |a pracovníci 
610 2 0 |a politika priemyselná 
610 2 0 |a vojny 
610 2 0 |a reformy 
610 2 0 |a podnik 
610 2 0 |a riadenie podnikové 
610 2 0 |a vláda 
610 2 0 |a vyjednávanie kolektívne 
610 2 0 |a konflikty 
610 2 0 |a štrajky 
610 2 0 |a inflácia 
610 2 0 |a nezamestnanosť 
610 2 0 |a čas pracovný 
610 2 0 |a starnutie populácie 
610 2 0 |a ženy 
610 2 0 |a údaje štatistické 
610 2 0 |a Japonsko 
100 1 |a Shirai, Taishiro